Tracker / (Запис № 558808)

МАРК-запис
000 -LEADER
fixed length control field 01141cam a2200265Ia 4500
001 - CONTROL NUMBER
control field trackerstil00stil
003 - CONTROL NUMBER IDENTIFIER
control field CaSfIA
005 - DATE AND TIME OF LATEST TRANSACTION
control field 20210119103640.0
007 - PHYSICAL DESCRIPTION FIXED FIELD--GENERAL INFORMATION
fixed length control field cr||||
008 - FIXED-LENGTH DATA ELEMENTS--GENERAL INFORMATION
fixed length control field 900830s1990 nyu 000 1 eng d
040 ## - CATALOGING SOURCE
Original cataloging agency BPL
Transcribing agency BPL
Modifying agency BGU
-- CaSfIA
020 ## - INTERNATIONAL STANDARD BOOK NUMBER
International Standard Book Number 1557733848 (pbk.) :
Terms of availability $3.50
020 ## - INTERNATIONAL STANDARD BOOK NUMBER
International Standard Book Number 9781557733849 (pbk.)
035 ## - SYSTEM CONTROL NUMBER
System control number (OCoLC)22296070
100 1# - MAIN ENTRY--PERSONAL NAME
Personal name Stillman, Ron.
245 10 - TITLE STATEMENT
Title Tracker /
Medium [electronic resource]
Statement of responsibility, etc Ron Stillman.
260 ## - PUBLICATION, DISTRIBUTION, ETC. (IMPRINT)
Place of publication, distribution, etc New York :
Name of publisher, distributor, etc Charter/Diamond,
Date of publication, distribution, etc c1990.
300 ## - PHYSICAL DESCRIPTION
Extent 187 p. ;
Dimensions 17 cm.
506 ## - RESTRICTIONS ON ACCESS NOTE
Standardized terminology for access restriction Необхідна авторизація на https://archive.org/ (створення облікового запису безкоштовно)
506 ## - RESTRICTIONS ON ACCESS NOTE
Standardized terminology for access restriction Необхідна авторизація на https://openlibrary.org/ (створення облікового запису безкоштовно)
655 #7 - INDEX TERM--GENRE/FORM
Genre/form data or focus term Science fiction.
Source of term gsafd
856 41 - ELECTRONIC LOCATION AND ACCESS
Uniform Resource Identifier <a href="http://www.archive.org/details/trackerstil00stil">http://www.archive.org/details/trackerstil00stil</a>
Public note Free eBook from the Internet Archive
856 42 - ELECTRONIC LOCATION AND ACCESS
Uniform Resource Identifier <a href="http://www.openlibrary.org/books/OL8601291M">http://www.openlibrary.org/books/OL8601291M</a>
Public note Additional information and access via Open Library
942 ## - ADDED ENTRY ELEMENTS (KOHA)
Koha item type ЕКнига

Немає доступних примірників.